00605nam a22002057a 4500003000500000005001700005008004100022010001000063011001000073035001000083040000900093100002300102245004200125260006000167300002200227490002600249650003300275710006500308830002600373CHAP20220329140445.0971013s1983 r 00010 d a52229 a53201 a57351 cCHAP00aPolo M., Leopoldo. aPronósticob: paquete computacional aMéxico :bCIDE. Centro de Cómputo y Sistemas,c1983 a55 p.b: gráfs. aMaterial docentev; 114aLenguajes de programación.0 aCentro de Investigación y Docencia Económicas. México.0 aMaterial docentev; 1